[Event "Quebec op"]
[Site "Montreal CAN"]
[Date "2001.07.24"]
[Round "5"]
[White "Gulko, Andrei"]
[Black "Masse, Hugues"]
[Result "0-1"]
[WhiteElo "1978"]
[BlackElo "2144"]
[PlyCount "82"]
[GameId "2160767911555506"]
[EventDate "2001.07.21"]
[EventType "swiss"]
[EventRounds "9"]
[EventCountry "CAN"]

1. d4 Nf6 2. Bg5 Ne4 3. h4 c5 4. dxc5 Qa5+ 5. Nd2 Nxg5 6. hxg5 g6 7. Rh4 Nc6 8. c3 Qxc5 9. Ngf3 Bg7 10. e3 d6 11. Nb3 Qb6 12. Bd3 Bd7 13. Qd2 O-O-O 14. Ke2 h5 15. gxh6 Bxh6 16. Rah1 Bg7 17. Nbd4 Ne5 18. Rxh8 Bxh8 19. b3 Nxd3 20. Qxd3 e5 21. Nc2 d5 22. Rxh8 Rxh8 23. Nxe5 Bf5 24. Qd2 Qb5+ 25. c4 dxc4 26. Nxc4 Bxc2 27. Qxc2 Rd8 28. f3 Kb8 29. Kf2 Qd5 30. Ke2 Qg5 31. Kf2 Qh4+ 32. Kf1 Qg3 33. Qf2 Rd1+ 34. Ke2 Qxf2+ 35. Kxf2 f6 36. e4 b5 37. Ne3 Rd2+ 38. Kg3 Rxa2 39. Nd5 Rb2 40. b4 Kc8 41. f4 Kd8 0-1

[Event "Quebec op"]
[Site "Montreal CAN"]
[Date "2001.07.24"]
[Round "5"]
[White "Hua, Lefong"]
[Black "Poulin, Maurice"]
[Result "1/2-1/2"]
[WhiteElo "2305"]
[BlackElo "2084"]
[PlyCount "92"]
[GameId "2160767911555508"]
[EventDate "2001.07.21"]
[EventType "swiss"]
[EventRounds "9"]
[EventCountry "CAN"]

1. c4 g6 2. Nc3 Bg7 3. g3 Nc6 4. Bg2 e5 5. d3 f5 6. e3 h5 7. h4 Nh6 8. Nge2 d6 9. Rb1 Bd7 10. b4 Qc8 11. Nd5 Nd8 12. b5 Ne6 13. Ba3 a6 14. b6 c6 15. Ndc3 Nf7 16. O-O Qd8 17. d4 Rc8 18. d5 Nc5 19. dxc6 Bxc6 20. Nd5 Ne6 21. f4 e4 22. Qd2 O-O 23. Bb4 Bxd5 24. Qxd5 Qe7 25. Rfd1 Nc5 26. Nd4 Qd7 27. Bh3 Bxd4 28. Qxd4 Ne6 29. Qd5 Qe7 30. Bxd6 Nxd6 31. Qxd6 Qf7 32. Bf1 Nc5 33. Rbc1 Rc6 34. Qd5 Kh7 35. Qd4 Qg7 36. Be2 Qe7 37. Rb1 Re8 38. Rd2 Kg8 39. Qd5+ Kg7 40. Kg2 Kf8 41. Qd4 Kg8 42. Qc3 Rd6 43. Rd5 Rc6 44. Re5 Qf8 45. Rd5 Rec8 46. Qe5 Re8 1/2-1/2

[Event "Quebec op"]
[Site "Montreal CAN"]
[Date "2001.07.24"]
[Round "5"]
[White "Khaziyeva, Dinara"]
[Black "Soudre, Nicolas"]
[Result "0-1"]
[WhiteElo "1880"]
[BlackElo "2116"]
[PlyCount "54"]
[GameId "2160767911555509"]
[EventDate "2001.07.21"]
[EventType "swiss"]
[EventRounds "9"]
[EventCountry "CAN"]

1. d4 e6 2. Nf3 Nf6 3. e3 d5 4. Bd3 Bd6 5. O-O O-O 6. b3 Ne4 7. Bb2 Nd7 8. c4 c6 9. Bxe4 dxe4 10. Nfd2 f5 11. f4 Nf6 12. c5 Bc7 13. Nc4 Bd7 14. a4 Be8 15. Qe1 Nd5 16. Ba3 Bh5 17. b4 Kh8 18. h4 h6 19. Ra2 g5 20. hxg5 hxg5 21. g3 gxf4 22. Rh2 Qg5 23. exf4 Qg6 24. Qe2 Nf6 25. Qg2 Kg7 26. Ne3 Bf3 27. Qf2 Bxf4 0-1

[Event "Quebec op"]
[Site "Montreal CAN"]
[Date "2001.07.24"]
[Round "5"]
[White "Lemieux, Serge"]
[Black "Trottier, Yves"]
[Result "0-1"]
[WhiteElo "1503"]
[BlackElo "2009"]
[PlyCount "87"]
[GameId "2160767911555511"]
[EventDate "2001.07.21"]
[EventType "swiss"]
[EventRounds "9"]
[EventCountry "CAN"]

1. d4 d5 2. c4 e5 3. dxe5 d4 4. e3 Bb4+ 5. Bd2 dxe3 6. fxe3 Bxd2+ 7. Nxd2 Nc6 8. Ngf3 Nge7 9. Be2 Ng6 10. O-O O-O 11. Qc2 Ngxe5 12. Nxe5 Nxe5 13. Rad1 Qg5 14. Rf4 Ng6 15. Ne4 Qe7 16. Rf2 Be6 17. Rdf1 Rad8 18. a3 c5 19. Qc3 Bd7 20. Ng3 Qe5 21. Qc1 Rde8 22. e4 Rd8 23. Kh1 Be6 24. Qc2 Qd4 25. Nf5 Qd2 26. Qb1 Qa5 27. Bh5 Rd7 28. Bxg6 hxg6 29. Ne3 Rd4 30. Nd5 Bxd5 31. cxd5 Qc7 32. Qc2 Re8 33. Rf4 Qe7 34. h3 b6 35. Re1 Rxd5 36. exd5 Qxe1+ 37. Kh2 Qe5 38. g3 Qe2+ 39. Rf2 Qxc2 40. Rxc2 Kf8 41. d6 Re6 42. b4 Rxd6 43. bxc5 Rc6 44. Kg2 0-1

[Event "Quebec op"]
[Site "Montreal CAN"]
[Date "2001.07.24"]
[Round "5"]
[White "Mikanovic, Goran"]
[Black "Michaud, Gerald"]
[Result "1-0"]
[WhiteElo "2343"]
[BlackElo "1943"]
[PlyCount "49"]
[GameId "2160767911555513"]
[EventDate "2001.07.21"]
[EventType "swiss"]
[EventRounds "9"]
[EventCountry "CAN"]

1. d4 d5 2. c4 c6 3. Nf3 Nd7 4. Nc3 dxc4 5. a4 Ngf6 6. e4 e6 7. Bxc4 Bb4 8. e5 Nd5 9. Bd2 Qa5 10. Qc2 N7b6 11. Bd3 h6 12. O-O f5 13. exf6 gxf6 14. Be2 Ne7 15. Ne4 Nbd5 16. Nd6+ Kd7 17. Ne4 Bxd2 18. Nfxd2 b6 19. b4 Nxb4 20. Nxf6+ Kc7 21. Qb3 Qf5 22. Qxb4 Qxf6 23. Ne4 Qg7 24. Qd6+ Kb7 25. Nc5+ 1-0

[Event "Quebec op"]
[Site "Montreal CAN"]
[Date "2001.07.24"]
[Round "5"]
[White "Ouellet-Leveille, Clement"]
[Black "Tessier, Olivier"]
[Result "1/2-1/2"]
[WhiteElo "1868"]
[BlackElo "2060"]
[PlyCount "100"]
[GameId "2160767911555514"]
[EventDate "2001.07.21"]
[EventType "swiss"]
[EventRounds "9"]
[EventCountry "CAN"]

1. e4 c5 2. Nf3 Nf6 3. e5 Nd5 4. Nc3 e6 5. Nxd5 exd5 6. d4 Nc6 7. dxc5 Bxc5 8. Bd3 d6 9. exd6 Qxd6 10. O-O O-O 11. c3 Bg4 12. Bxh7+ Kh8 13. Bd3 Bb6 14. h3 Bh5 15. Kh1 Bc7 16. g3 Qe6 17. Kg2 Ne5 18. Be2 Rae8 19. Nxe5 Bxe2 20. Qxe2 Bxe5 21. Qh5+ Kg8 22. Be3 d4 23. Bxd4 Bxd4 24. cxd4 Qe4+ 25. Qf3 Qxd4 26. b3 Qb6 27. Rfe1 Re6 28. Re4 Rxe4 29. Qxe4 Rd8 30. Re1 Rd2 31. Re2 Rxe2 32. Qxe2 Qc7 33. Qe8+ Kh7 34. Qe4+ g6 35. Qh4+ Kg7 36. Qd4+ f6 37. Qe4 b5 38. Qd5 b4 39. Qe4 a5 40. Qd5 Kf8 41. h4 Kg7 42. h5 gxh5 43. Qxh5 Qc6+ 44. Qf3 Qc2 45. Qg4+ Kf8 46. Qf3 Kg7 47. Qb7+ Kg6 48. Kf3 Qxa2 49. Qe4+ Kg7 50. Qe7+ Kg6 1/2-1/2

[Event "Quebec op"]
[Site "Montreal CAN"]
[Date "2001.07.24"]
[Round "5"]
[White "Robichaud, Louis"]
[Black "Belanger, Jacques"]
[Result "1/2-1/2"]
[WhiteElo "2169"]
[BlackElo "1989"]
[PlyCount "110"]
[GameId "2160767911555516"]
[EventDate "2001.07.21"]
[EventType "swiss"]
[EventRounds "9"]
[EventCountry "CAN"]

1. e4 c5 2. Nc3 Nc6 3. g3 g6 4. Bg2 Bg7 5. d3 d6 6. f4 e6 7. Nf3 Nge7 8. O-O O-O 9. Be3 Nd4 10. Ne2 Nxe2+ 11. Qxe2 Bxb2 12. Rab1 Bg7 13. d4 Qc7 14. c3 b6 15. g4 Bb7 16. Nd2 f5 17. gxf5 exf5 18. e5 Bxg2 19. Kxg2 cxd4 20. cxd4 Nd5 21. Qf3 Nxe3+ 22. Qxe3 dxe5 23. dxe5 Qc6+ 24. Qf3 Rac8 25. Rbc1 Qxf3+ 26. Kxf3 Rfd8 27. Nb3 Rd3+ 28. Ke2 Rcd8 29. Rc7 R3d7 30. Rfc1 Bh6 31. Rxd7 Rxd7 32. Ke3 g5 33. Rg1 Rg7 34. fxg5 Rxg5 35. Rxg5+ Bxg5+ 36. Kf3 Kf7 37. Nd4 Kg6 38. Nc6 a5 39. a4 Bd2 40. Ne7+ Kg5 41. Nd5 f4 42. e6 Kg6 43. Nxb6 Kf6 44. Nc4 Bc1 45. Nxa5 Kxe6 46. Nb3 Be3 47. Ke2 Kd5 48. Nd2 Kc5 49. Ne4+ Kb4 50. Ng5 h6 51. Ne6 Kxa4 52. Kf3 Kb4 53. Nxf4 Bxf4 54. Kxf4 Kc5 55. Kg4 Kd5 1/2-1/2

[Event "Quebec op"]
[Site "Montreal CAN"]
[Date "2001.07.24"]
[Round "5"]
[White "St Amand, Paul Jr"]
[Black "Rozentalis, Eduardas"]
[Result "0-1"]
[WhiteElo "2208"]
[BlackElo "2588"]
[PlyCount "58"]
[GameId "2160767911555518"]
[EventDate "2001.07.21"]
[EventType "swiss"]
[EventRounds "9"]
[EventCountry "CAN"]
[SourceTitle "EXT 2002"]
[Source "ChessBase"]
[SourceDate "2001.11.25"]
[SourceVersion "1"]
[SourceVersionDate "2001.11.25"]
[SourceQuality "1"]

1. e4 e6 2. d4 d5 3. e5 c5 4. c3 Qb6 5. Nf3 Bd7 6. Be2 Nc6 7. O-O Nh6 8. dxc5 Bxc5 9. b4 Be7 10. Bxh6 gxh6 11. Qd2 Qc7 12. Qxh6 Nxe5 13. Qg7 Ng6 14. Qd4 Rg8 15. Re1 Qf4 16. Qxf4 Nxf4 17. Bf1 Nh3+ 18. Kh1 Nxf2+ 19. Kg1 Ne4 20. Nfd2 f5 21. Nxe4 dxe4 22. Na3 Bf6 23. Nb5 Ke7 24. Rac1 a6 25. Na3 Rac8 26. Nb1 Ba4 27. Re2 Rgd8 28. c4 Bg5 29. Rc3 Rd1 0-1

[Event "Quebec op"]
[Site "Montreal CAN"]
[Date "2001.07.24"]
[Round "5"]
[White "Turov, Maxim"]
[Black "Oral, Tomas"]
[Result "1/2-1/2"]
[WhiteElo "2550"]
[BlackElo "2540"]
[PlyCount "41"]
[GameId "2160767911555520"]
[EventDate "2001.07.21"]
[EventType "swiss"]
[EventRounds "9"]
[EventCountry "CAN"]
[SourceTitle "EXT 2002"]
[Source "ChessBase"]
[SourceDate "2001.11.25"]
[SourceVersion "1"]
[SourceVersionDate "2001.11.25"]
[SourceQuality "1"]

1. d4 Nf6 2. c4 g6 3. Nc3 d5 4. Nf3 Bg7 5. Bf4 O-O 6. Rc1 dxc4 7. e3 c5 8. Bxc4 cxd4 9. Nxd4 Nbd7 10. Bg3 Nc5 11. O-O Nfe4 12. Nxe4 Nxe4 13. Bc7 Qd7 14. Bb3 Nd6 15. Qe2 Bxd4 16. exd4 Nb5 17. Qe5 Nxd4 18. Rfd1 Nc6 19. Rxd7 Nxe5 20. Rxe7 Nc6 21. Ree1 1/2-1/2

[Event "Quebec op"]
[Site "Montreal CAN"]
[Date "2001.07.24"]
[Round "5"]
[White "Voskanyan, Vahagn"]
[Black "Moisan-Plante, Marc-Olivier"]
[Result "1-0"]
[WhiteElo "2317"]
[BlackElo "2183"]
[PlyCount "63"]
[GameId "2160767911555521"]
[EventDate "2001.07.21"]
[EventType "swiss"]
[EventRounds "9"]
[EventCountry "CAN"]
[SourceTitle "EXT 2002"]
[Source "ChessBase"]
[SourceDate "2001.11.25"]
[SourceVersion "1"]
[SourceVersionDate "2001.11.25"]
[SourceQuality "1"]

1. e4 c5 2. Nf3 d6 3. d4 cxd4 4. Nxd4 Nf6 5. Nc3 g6 6. Bc4 Bg7 7. Bb3 O-O 8. f3 Nc6 9. Be3 Bd7 10. Qd2 Qa5 11. O-O Rac8 12. Rad1 Rfd8 13. Qf2 Ne5 14. Nde2 Ra8 15. Nf4 Bc6 16. Nfd5 Bxd5 17. Nxd5 Nxd5 18. Rxd5 Qa6 19. c3 Bf6 20. h3 Rdc8 21. f4 Nd3 22. Qe2 Nc5 23. Qxa6 Nxa6 24. e5 Bg7 25. exd6 exd6 26. Rxd6 Nc5 27. Bxc5 Rxc5 28. Rd7 b6 29. Rxf7 Kh8 30. g4 b5 31. Rd1 a5 32. Rdd7 1-0

[Event "Quebec op"]
[Site "Montreal CAN"]
[Date "2001.07.25"]
[Round "6"]
[White "Bannon, Eric"]
[Black "Hua, Lefong"]
[Result "1-0"]
[WhiteElo "2160"]
[BlackElo "2305"]
[PlyCount "121"]
[GameId "2160767911555522"]
[EventDate "2001.07.21"]
[EventType "swiss"]
[EventRounds "9"]
[EventCountry "CAN"]

1. e4 c5 2. Nf3 e6 3. d4 cxd4 4. Nxd4 a6 5. Bd3 Nf6 6. Nc3 Qc7 7. O-O b5 8. Be3 Bc5 9. Ndxb5 axb5 10. Nxb5 Qe5 11. Bxc5 Qxc5 12. b4 Qc6 13. e5 Bb7 14. Nd6+ Kf8 15. Nxb7 Qxb7 16. exf6 gxf6 17. b5 Rg8 18. g3 f5 19. Be2 Qb6 20. Qd2 Qc5 21. c4 Ra3 22. Qf4 d6 23. Rfd1 Ke7 24. Qh4+ Kf8 25. Qd8+ Kg7 26. Qxd6 Qxd6 27. Rxd6 Rc8 28. Rd3 Ra4 29. Rd2 Kf6 30. f4 Ke7 31. Rad1 Ra7 32. b6 Rb7 33. Rb1 Nd7 34. Rdb2 Rcb8 35. Kf2 Rxb6 36. Rxb6 Rxb6 37. Rxb6 Nxb6 38. Ke3 Kd6 39. Kd4 Na4 40. Bd1 Nc5 41. Kc3 Na6 42. Ba4 f6 43. Bb5 Nc5 44. Be8 Ne4+ 45. Kb4 e5 46. a4 Nf2 47. Kb5 e4 48. Kb6 Ke7 49. Bb5 Nd1 50. a5 e3 51. c5 Nc3 52. Bf1 Kd8 53. Kb7 Ne4 54. c6 Nc5+ 55. Kb8 Ne6 56. a6 Nc7 57. a7 Na8 58. Kxa8 Kc8 59. Ba6+ Kc7 60. h4 h5 61. Be2 1-0

[Event "Quebec op"]
[Site "Montreal CAN"]
[Date "2001.07.25"]
[Round "6"]
[White "Beaulieu, Eric"]
[Black "Feoktistov, Dmitri"]
[Result "1-0"]
[WhiteElo "2218"]
[BlackElo "2042"]
[PlyCount "67"]
[GameId "2160767911555523"]
[EventDate "2001.07.21"]
[EventType "swiss"]
[EventRounds "9"]
[EventCountry "CAN"]

1. d4 d5 2. c4 e6 3. Nc3 Nf6 4. Bg5 Nbd7 5. cxd5 exd5 6. e3 c6 7. Bd3 Be7 8. Qc2 O-O 9. Nge2 Re8 10. O-O Nf8 11. f3 Nh5 12. Bxe7 Qxe7 13. e4 dxe4 14. fxe4 Be6 15. Qd2 Rad8 16. Rad1 Ng6 17. Bc2 Qh4 18. d5 cxd5 19. Nxd5 Bxd5 20. exd5 Ne5 21. h3 Nc4 22. Qd3 g6 23. Qf3 Ne3 24. Qxf7+ Kh8 25. Nf4 Re7 26. Nxg6+ hxg6 27. Qxg6 Nxf1 28. d6 Nfg3 29. Qh6+ Kg8 30. Bb3+ Rf7 31. Qg6+ Kh8 32. Qxf7 Ne2+ 33. Kh1 Nhf4 34. Qe7 1-0

[Event "Quebec op"]
[Site "Montreal CAN"]
[Date "2001.07.25"]
[Round "6"]
[White "Belanger, Jacques"]
[Black "Dubuc, Gabriel"]
[Result "1-0"]
[WhiteElo "1983"]
[BlackElo "2023"]
[PlyCount "35"]
[GameId "2160767911555524"]
[EventDate "2001.07.21"]
[EventType "swiss"]
[EventRounds "9"]
[EventCountry "CAN"]

1. e4 e5 2. Nf3 Nf6 3. Nxe5 d6 4. Nf3 Nxe4 5. d4 d5 6. Bd3 Nc6 7. c3 Be7 8. O-O O-O 9. Nbd2 f5 10. Re1 Bd6 11. a3 Rf6 12. c4 Rh6 13. cxd5 Bxh2+ 14. Kf1 Ne7 15. Nxe4 fxe4 16. Rxe4 Rh5 17. Nxh2 Rxh2 18. Kg1 1-0

[Event "Quebec op"]
[Site "Montreal CAN"]
[Date "2001.07.25"]
[Round "6"]
[White "Bolduc, Steve"]
[Black "Gilman, Arkadiy"]
[Result "1-0"]
[WhiteElo "2248"]
[BlackElo "2115"]
[PlyCount "55"]
[GameId "2160767911555525"]
[EventDate "2001.07.21"]
[EventType "swiss"]
[EventRounds "9"]
[EventCountry "CAN"]

1. Nf3 d5 2. d4 Nf6 3. c4 c6 4. cxd5 cxd5 5. Nc3 Nc6 6. Bf4 Bf5 7. e3 e6 8. Bb5 Nd7 9. O-O Be7 10. Qa4 Qb6 11. Rfc1 O-O 12. a3 Rfc8 13. b4 a5 14. bxa5 Rxa5 15. Qb3 Na7 16. a4 Bd3 17. Nxd5 Rxc1+ 18. Rxc1 exd5 19. Bc7 Rxb5 20. Qxd3 Rb3 21. Bxb6 Rxd3 22. Bxa7 Ra3 23. Rc8+ Nf8 24. g3 Rxa4 25. Bc5 Rc4 26. Ne5 Rc1+ 27. Kg2 b6 28. Nc6 1-0

[Event "Quebec op"]
[Site "Montreal CAN"]
[Date "2001.07.25"]
[Round "6"]
[White "Luksza, Arkadiusz"]
[Black "Masse, Hugues"]
[Result "1-0"]
[WhiteElo "2241"]
[BlackElo "2144"]
[PlyCount "55"]
[GameId "2160767911555532"]
[EventDate "2001.07.21"]
[EventType "swiss"]
[EventRounds "9"]
[EventCountry "CAN"]

1. c4 Nf6 2. Nf3 g6 3. Nc3 d5 4. cxd5 Nxd5 5. g3 Bg7 6. Bg2 O-O 7. O-O Nxc3 8. dxc3 c5 9. Qxd8 Rxd8 10. Be3 Na6 11. Rfd1 Bd7 12. Ng5 Rab8 13. Rd2 Bb5 14. Rxd8+ Rxd8 15. Bxb7 Bxe2 16. Re1 Rb8 17. Rxe2 Rxb7 18. Rd2 Bh6 19. h4 Kg7 20. b3 Rc7 21. Bf4 Rb7 22. Rd8 Bxg5 23. hxg5 f6 24. Rc8 fxg5 25. Bxg5 Rd7 26. Bf4 Rb7 27. Be3 Kf6 28. Rc6+ 1-0

[Event "Quebec op"]
[Site "Montreal CAN"]
[Date "2001.07.25"]
[Round "6"]
[White "Michaud, Gerald"]
[Black "Constantineau, Yvan"]
[Result "0-1"]
[WhiteElo "1943"]
[BlackElo "2169"]
[PlyCount "94"]
[GameId "2160767911555533"]
[EventDate "2001.07.21"]
[EventType "swiss"]
[EventRounds "9"]
[EventCountry "CAN"]

1. d4 d5 2. Nf3 e6 3. Bf4 Bd6 4. Bxd6 cxd6 5. c3 Nf6 6. Nbd2 O-O 7. Qc2 Nc6 8. e3 e5 9. dxe5 dxe5 10. e4 d4 11. Bb5 dxc3 12. Qxc3 Nd4 13. Nxd4 exd4 14. Qd3 Qa5 15. O-O Be6 16. Bc4 Rfe8 17. Bxe6 Rxe6 18. Rfe1 Rd8 19. a3 Ng4 20. Nf3 Qh5 21. Rac1 Ne5 22. Nxe5 Qxe5 23. g3 g5 24. b4 b6 25. f3 h5 26. b5 Kg7 27. Re2 Rg6 28. Rec2 h4 29. g4 Rd7 30. a4 Rf6 31. Rc6 Qf4 32. Rf1 Rfd6 33. Re1 Qe5 34. Rec1 Rf6 35. Rxf6 Qxf6 36. Rc4 Qe5 37. Kg2 Rd8 38. Kg1 f6 39. Kg2 h3+ 40. Kg1 Qf4 41. Rc2 Rd7 42. Kf1 Qd6 43. Qb3 d3 44. Rc8 Rf7 45. Qd5 Qxh2 46. Qd8 Qe2+ 47. Kg1 Qg2# 0-1

[Event "Quebec op"]
[Site "Montreal CAN"]
[Date "2001.07.25"]
[Round "6"]
[White "Moisan-Plante, Marc-Olivier"]
[Black "Ouellet-Leveille, Clement"]
[Result "1-0"]
[WhiteElo "2110"]
[BlackElo "1870"]
[PlyCount "103"]
[GameId "2160767911555535"]
[EventDate "2001.07.21"]
[EventType "swiss"]
[EventRounds "9"]
[EventCountry "CAN"]

1. e4 e5 2. Nf3 Nf6 3. Nc3 Nc6 4. d4 exd4 5. Nd5 Be7 6. Nxd4 Nxd5 7. exd5 Nxd4 8. Qxd4 Bf6 9. Qe4+ Qe7 10. Bd3 Qxe4+ 11. Bxe4 d6 12. c3 O-O 13. f3 Re8 14. Kf2 Be5 15. Bd3 Bd7 16. Bd2 c6 17. dxc6 bxc6 18. Rad1 d5 19. Be3 g6 20. Bc5 Be6 21. g4 Bc7 22. b4 Be5 23. Bd4 Bg7 24. Ba6 Rab8 25. Rb1 Bxd4+ 26. cxd4 Rb6 27. Bd3 Reb8 28. a3 Kf8 29. Rhc1 Bd7 30. Rc5 Ke7 31. Ra5 R8b7 32. g5 f6 33. h4 Kf7 34. Kg3 f5 35. Kf4 Be8 36. Re1 Rc7 37. Re2 Rcb7 38. Rc5 Re7 39. Rxe7+ Kxe7 40. h5 Bd7 41. Ke5 Rb8 42. Rc1 Rg8 43. Rh1 Re8 44. hxg6 hxg6 45. a4 Kd8+ 46. Kf4 Kc7 47. Rh7 Kd6 48. b5 Re7 49. Rxe7 Kxe7 50. Ke5 cxb5 51. Bxb5 Bc8 52. a5 1-0

[Event "Quebec op"]
[Site "Montreal CAN"]
[Date "2001.07.25"]
[Round "6"]
[White "Oral, Tomas"]
[Black "Barbeau, Sylvain"]
[Result "1-0"]
[WhiteElo "2540"]
[BlackElo "2365"]
[PlyCount "113"]
[GameId "2160767911555536"]
[EventDate "2001.07.21"]
[EventType "swiss"]
[EventRounds "9"]
[EventCountry "CAN"]
[SourceTitle "EXT 2002"]
[Source "ChessBase"]
[SourceDate "2001.11.25"]
[SourceVersion "1"]
[SourceVersionDate "2001.11.25"]
[SourceQuality "1"]

1. e4 e5 2. Nf3 Nc6 3. Bb5 a6 4. Bxc6 dxc6 5. O-O f6 6. d4 exd4 7. Nxd4 c5 8. Ne2 Be6 9. Nbc3 Qxd1 10. Rxd1 Bd6 11. Bf4 O-O-O 12. Rd2 Ne7 13. Rad1 Bxf4 14. Nxf4 Bf7 15. f3 Rxd2 16. Rxd2 Re8 17. Nfd5 Nxd5 18. Nxd5 b5 19. a4 Re6 20. axb5 axb5 21. Ne3 Ra6 22. Kf2 Be6 23. g4 Rd6 24. Ke2 g5 25. Rd1 Rxd1 26. Nxd1 Kd7 27. Ke3 Kd6 28. Nf2 Ke5 29. Nd3+ Kd6 30. Nf2 Ke5 31. Nh1 Bc8 32. Ng3 Bd7 33. Ne2 c4 34. c3 c5 35. Ng3 Bc8 36. Nh5 Bb7 37. Ng7 Bc6 38. Nf5 Bd7 39. Ng3 Bc8 40. Nh1 Bd7 41. Nf2 Bc8 42. h4 h6 43. h5 Bd7 44. Nd1 Be6 45. Kf2 Kf4 46. Ne3 b4 47. Ng2+ Ke5 48. Kg3 Bc8 49. Ne3 Be6 50. Nc2 bxc3 51. bxc3 Bc8 52. Ne3 Be6 53. Nf5 Bxf5 54. gxf5 Kd6 55. f4 Ke7 56. e5 fxe5 57. fxe5 1-0

[Event "Quebec op"]
[Site "Montreal CAN"]
[Date "2001.07.25"]
[Round "6"]
[White "Plante, Michel"]
[Black "Lemieux, Serge"]
[Result "1/2-1/2"]
[WhiteElo "1975"]
[BlackElo "1503"]
[PlyCount "102"]
[GameId "2160767911555537"]
[EventDate "2001.07.21"]
[EventType "swiss"]
[EventRounds "9"]
[EventCountry "CAN"]

1. d4 d6 2. Nf3 g6 3. e3 Nf6 4. Bd3 Nc6 5. Nbd2 Bg7 6. c3 e6 7. O-O O-O 8. e4 a6 9. a4 Rb8 10. Qe2 Re8 11. Rd1 Bd7 12. Nf1 h6 13. Ng3 e5 14. dxe5 Nxe5 15. Nxe5 Rxe5 16. Bf4 Re7 17. Qd2 Qf8 18. f3 Rbe8 19. Re1 Bc6 20. c4 Nd7 21. b4 Ne5 22. Bf1 Bd7 23. b5 b6 24. Rac1 a5 25. Ne2 g5 26. Bg3 Be6 27. Nd4 f6 28. Bxe5 fxe5 29. Nxe6 Rxe6 30. c5 Kh8 31. cxb6 cxb6 32. Rc6 Rb8 33. Rd1 Qe7 34. Rxd6 Rxd6 35. Qxd6 Bf8 36. Qxe7 Bxe7 37. Rd7 Bc5+ 38. Kh1 Bd4 39. Rd6 Kg7 40. Bc4 Rc8 41. Rc6 Rf8 42. Be6 Rf6 43. Bg4 Bc5 44. Be6 Bd4 45. Bd5 Bc5 46. Rc7+ Kf8 47. h4 gxh4 48. Kh2 Bf2 49. Kh3 Bg3 50. Kg4 Rf4+ 51. Kh5 Rf6 1/2-1/2

[Event "Quebec op"]
[Site "Montreal CAN"]
[Date "2001.07.25"]
[Round "6"]
[White "Poulin, Maurice"]
[Black "Chabot, Roland"]
[Result "1-0"]
[WhiteElo "2084"]
[BlackElo "2245"]
[PlyCount "67"]
[GameId "2160767911555538"]
[EventDate "2001.07.21"]
[EventType "swiss"]
[EventRounds "9"]
[EventCountry "CAN"]

1. e4 c5 2. Nf3 e6 3. Nc3 d6 4. Bb5+ Bd7 5. Bxd7+ Qxd7 6. d3 Nc6 7. O-O Nf6 8. h3 Be7 9. Bf4 O-O 10. Bh2 d5 11. e5 Ne8 12. Ne2 f6 13. c3 fxe5 14. Nxe5 Nxe5 15. Bxe5 Nd6 16. Kh1 Nf7 17. Bg3 Bd6 18. Bxd6 Nxd6 19. Ng3 e5 20. Qc2 Qf7 21. Rae1 Rae8 22. Qa4 b5 23. Qa3 Qc7 24. b3 a5 25. Qb2 Qf7 26. Qd2 Qf4 27. Qc2 g6 28. Ra1 Rc8 29. a4 b4 30. c4 dxc4 31. dxc4 e4 32. Rad1 h5 33. Ne2 Qh4 34. Rxd6 1-0

[Event "Quebec op"]
[Site "Montreal CAN"]
[Date "2001.07.25"]
[Round "6"]
[White "Robichaud, Louis"]
[Black "Khaziyeva, Dinara"]
[Result "0-1"]
[WhiteElo "2169"]
[BlackElo "1880"]
[PlyCount "60"]
[GameId "2160767911555539"]
[EventDate "2001.07.21"]
[EventType "swiss"]
[EventRounds "9"]
[EventCountry "CAN"]

1. e4 e5 2. Nf3 d6 3. d4 Nf6 4. Nc3 Nbd7 5. Bc4 Be7 6. O-O O-O 7. a4 c6 8. Re1 Qc7 9. b3 b6 10. Bb2 a6 11. d5 Bb7 12. Bf1 cxd5 13. exd5 Rac8 14. Rc1 h6 15. g3 Nh7 16. Bg2 f5 17. Qe2 Qc5 18. Rcd1 Bf6 19. Qe3 e4 20. Nd4 Bxd4 21. Qxd4 Qxd4 22. Rxd4 Ne5 23. Rb4 Ng5 24. Re3 Nd7 25. h4 Nf7 26. Rd4 Nfe5 27. Rd2 Rc5 28. Ba3 Rfc8 29. Bxc5 Rxc5 30. Re1 Rxc3 0-1

[Event "Quebec op"]
[Site "Montreal CAN"]
[Date "2001.07.25"]
[Round "6"]
[White "Roy, Alain"]
[Black "Beaulieu, Pierre"]
[Result "1-0"]
[WhiteElo "2146"]
[BlackElo "2059"]
[PlyCount "67"]
[GameId "2160767911555540"]
[EventDate "2001.07.21"]
[EventType "swiss"]
[EventRounds "9"]
[EventCountry "CAN"]

1. d4 f5 2. Nf3 Nf6 3. g3 g6 4. Bg2 Bg7 5. O-O O-O 6. c4 d6 7. Nc3 c6 8. Re1 Na6 9. a3 Qe8 10. d5 Nc5 11. a4 Bd7 12. Ra3 cxd5 13. b4 Nce4 14. Nxd5 Rc8 15. Nxf6+ Nxf6 16. Bg5 Rc7 17. Qd3 Ne4 18. Be3 Be6 19. Nd2 Nxd2 20. Qxd2 a5 21. bxa5 Rxc4 22. Bxb7 Rxa4 23. Rxa4 Qxa4 24. a6 Qb5 25. Rc1 Rb8 26. a7 Qxb7 27. axb8=Q+ Qxb8 28. Bd4 Qf8 29. Rc7 Bxd4 30. Qxd4 Qd8 31. Ra7 Qb8 32. Qa1 Qb6 33. Rxe7 Bf7 34. Qf6 1-0

[Event "Quebec op"]
[Site "Montreal CAN"]
[Date "2001.07.25"]
[Round "6"]
[White "Rozentalis, Eduardas"]
[Black "Cuartas, Carlos"]
[Result "1-0"]
[WhiteElo "2588"]
[BlackElo "2302"]
[PlyCount "73"]
[GameId "2160767911555541"]
[EventDate "2001.07.21"]
[EventType "swiss"]
[EventRounds "9"]
[EventCountry "CAN"]
[SourceTitle "EXT 2002"]
[Source "ChessBase"]
[SourceDate "2001.11.25"]
[SourceVersion "1"]
[SourceVersionDate "2001.11.25"]
[SourceQuality "1"]

1. e4 e6 2. d4 d5 3. Nd2 Nf6 4. e5 Nfd7 5. Bd3 c5 6. c3 Nc6 7. Ne2 cxd4 8. cxd4 Nb6 9. O-O g6 10. Nf3 h5 11. Bg5 Be7 12. Qd2 Bd7 13. Qf4 Nb4 14. Nc1 Rc8 15. a3 Nxd3 16. Nxd3 Bb5 17. Rfd1 Bxg5 18. Nxg5 Qe7 19. Nc5 Na4 20. Nxa4 Bxa4 21. Rd3 O-O 22. Re1 Rc2 23. Rf3 Rxb2 24. g4 h4 25. Qf6 Qxf6 26. exf6 Rd2 27. Rh3 Rxd4 28. Rxh4 Rf4 29. Re3 Rxf6 30. Reh3 Rf4 31. Rh8+ Kg7 32. Nxe6+ fxe6 33. R3h7+ Kf6 34. Rxf8+ Ke5 35. Rxf4 Kxf4 36. Rxb7 a6 37. Rb4+ 1-0

[Event "Quebec op"]
[Site "Montreal CAN"]
[Date "2001.07.25"]
[Round "6"]
[White "Soudre, Nicolas"]
[Black "Audet-Bouchard, Nicolas"]
[Result "0-1"]
[WhiteElo "2116"]
[BlackElo "2069"]
[PlyCount "78"]
[GameId "2160767911555543"]
[EventDate "2001.07.21"]
[EventType "swiss"]
[EventRounds "9"]
[EventCountry "CAN"]

1. e4 c5 2. Nc3 Nc6 3. f4 g6 4. Nf3 Bg7 5. Bb5 Nd4 6. Bd3 d6 7. Nxd4 cxd4 8. Ne2 e6 9. O-O Ne7 10. c3 dxc3 11. dxc3 O-O 12. f5 exf5 13. Ng3 fxe4 14. Nxe4 Bf5 15. Bg5 Qb6+ 16. Kh1 Nd5 17. Nxd6 Bxd3 18. Qxd3 Qxd6 19. Rad1 Rae8 20. Qf3 f6 21. Rxd5 Qa6 22. Bh4 Re3 23. Qd1 Qxa2 24. Rd7 Qxb2 25. Qd5+ Kh8 26. Rf7 Rxf7 27. Qxf7 Qe2 28. Kg1 Re7 29. Qd5 Qe6 30. Qd1 Rd7 31. Qa4 f5 32. Re1 Qf7 33. Bf2 a6 34. Qf4 Bxc3 35. Rc1 Bf6 36. Rc8+ Kg7 37. Bc5 Qe6 38. h3 Rd1+ 39. Kh2 Qxc8 0-1